000 00423pab a2200157 454500
008 180718b2000 xxu||||| |||| 00| 0 eng d
100 _aUdegbunam, R.I.
245 _aPublic infrastructure investment and economic growth in Nigeria
260 _c2000
300 _ap.1-13
362 _aJul
650 _aEconomic growth - Nigeria
650 _aEconomic growth
773 _aIndian Journal of Economics
909 _a47489
999 _c47489
_d47489